000 00579nam a2200181Ia 4500
008 090630s9999 xx 000 0 und d
082 _b21197
100 _aपोेखरकर प्रशांत.
245 _aरस्तय.
_cपोेखरकर प्रशांत.
260 _bपुष्प.
_c1993
300 _a222
600 _aपोेखरकर प्रशांत.
630 _aरस्तय.
655 _aकादंबरी.
700 _aपोेखरकर प्रशांत.
730 _aरस्तय.
942 _cBOOK
999 _c273053
_d273053